Miejscowości powiatu radzyńskiego alfabetycznie - Statystyki

Ogólne statystyki
  • Ten quiz został rozwiązany 32 razy
  • Średni wynik to 30 z 103
Statystyki odpowiedzi
Gmina Miejscowość % Poprawnych
m. Radzyń Podlaski Radzyń Podlaski
94%
Borki Borki
81%
Kąkolewnica Kąkolewnica
81%
Ulan Majorat Ulan Majorat
81%
Wohyń Wohyń
81%
Czemierniki Czemierniki
69%
Komarówka Podlaska Komarówka Podlaska
69%
Radzyń Podlaski Biała
63%
Radzyń Podlaski Bedlno
50%
Radzyń Podlaski Białka
50%
Radzyń Podlaski Branica Radzyńska
44%
Ulan Majorat Paskudy
44%
Borki Stara Wieś
44%
Radzyń Podlaski Stasinów
44%
Wohyń Suchowola
44%
Ulan Majorat Ulan Duży
44%
Ulan Majorat Ulan Mały
44%
Radzyń Podlaski Ustrzesz
44%
Ulan Majorat Zarzec Ulański
44%
Radzyń Podlaski Brzostówiec
38%
Ulan Majorat Domaszewnica
38%
Ulan Majorat Rozwadów
38%
Ulan Majorat Sobole
38%
Ulan Majorat Stok
38%
Borki Tchórzew
38%
Kąkolewnica Turów
38%
Ulan Majorat Wierzchowiny
38%
Borki Wola Chomejowa
38%
Radzyń Podlaski Zabiele
38%
Kąkolewnica Żakowola Radzyńska
38%
Radzyń Podlaski Bedlno Radzyńskie
31%
Wohyń Bezwola
31%
Kąkolewnica Brzozowica Duża
31%
Ulan Majorat Gąsiory
31%
Borki Krasew
31%
Radzyń Podlaski Marynin
31%
Radzyń Podlaski Paszki Duże
31%
Radzyń Podlaski Paszki Małe
31%
Ulan Majorat Sętki
31%
Ulan Majorat Skrzyszew
31%
Ulan Majorat Stanisławów
31%
Czemierniki Stoczek
31%
Borki Wola Osowińska
31%
Borki Wrzosów
31%
Radzyń Podlaski Żabików
31%
Ulan Majorat Zakrzew
31%
Czemierniki Bełcząc
25%
Radzyń Podlaski Główne
25%
Ulan Majorat Kępki
25%
Ulan Majorat Klębów
25%
Ulan Majorat Kolonia Domaszewnica
25%
Czemierniki Lichty
25%
Wohyń Lisiowólka
25%
Borki | Kąkolewnica Olszewnica
25%
Borki Osowno
25%
Radzyń Podlaski Radowiec
25%
Radzyń Podlaski Siedlanów
25%
Czemierniki Skoki
25%
Czemierniki Stójka
25%
Kąkolewnica Żakowola Stara
25%
Wohyń Branica Suchowolska
19%
Komarówka Podlaska Brzeziny
19%
Kąkolewnica Brzozowica Mała
19%
Komarówka Podlaska Brzozowy Kąt
19%
Komarówka Podlaska Derewiczna
19%
Radzyń Podlaski Jaski
19%
Kąkolewnica Jurki
19%
Komarówka Podlaska Kolembrody
19%
Ulan Majorat Kolonia Domaszewska
19%
Wohyń Kuraszew
19%
Czemierniki Niewęgłosz
19%
Wohyń Ossowa
19%
Wohyń Ostrówki
19%
Borki Pasmugi
19%
Wohyń Planta
19%
Radzyń Podlaski Płudy
19%
Borki Sitno
19%
Wohyń Świerże
19%
Komarówka Podlaska Wiski
19%
Wohyń Wólka Zdunkówka
19%
Radzyń Podlaski Zbulitów Duży
19%
Wohyń Zbulitów Mały
19%
Komarówka Podlaska Żulinki
19%
Ulan Majorat Żyłki
19%
Wohyń Bojanówka
13%
Kąkolewnica Grabowiec
13%
Kąkolewnica Lipniaki
13%
Borki Nowiny
13%
Komarówka Podlaska Przegaliny Duże
13%
Komarówka Podlaska Przegaliny Małe
13%
Komarówka Podlaska Wólka Komarowska
13%
Komarówka Podlaska Woroniec
13%
Czemierniki Wygnanów
13%
Kąkolewnica Miłolas
6%
Kąkolewnica Mościska
6%
Kąkolewnica Polskowola
6%
Kąkolewnica Sokule
6%
Komarówka Podlaska Walinna
6%
Kąkolewnica Wygnanka
6%
Komarówka Podlaska Żelizna
6%
Kąkolewnica Zosinowo
6%
Borki Maruszewniec
0%
Nie znaleziono quizów pasujących do podanych kryteriów
Rozkład punktacji
Procent ludzi z każdym wynikiem
Percentyl według liczby udzielonych odpowiedzi
Twoja historia wyników
Nie rozwiązałeś tego quizu